[Event "Sachsen-ch U18"]
[Site "Sebnitz"]
[Date "2012.04.13"]
[Round "5"]
[White "Ehrlich, Timo"]
[Black "Nitschke, Robin"]
[Result "1/2-1/2"]
[WhiteElo "1304"]
[BlackElo "1316"]
[PlyCount "35"]
[EventDate "2012.04.10"]
[EventType "swiss"]
[EventRounds "7"]
[EventCountry "GER"]
[SourceTitle "CBM 148 Extra"]
[Source "ChessBase"]
[SourceDate "2012.06.22"]
[SourceVersion "1"]
[SourceVersionDate "2012.06.22"]
[SourceQuality "1"]

1. e4 d6 2. d4 Nf6 3. Nc3 g6 4. Be3 Bg7 5. Qd2 0-0 6. 0-0-0 Nc6 7. f3 a6 8. Bd3 e5 9. d5 Ne7 10. h4 c5 11. g4 b5 12. h5 Bd7 13. hxg6 fxg6 14. Nb1 a5 15. c4 bxc4 16. Bxc4 Rb8 17. b3 a4 18. Nc3 1/2-1/2

[Event "Sachsen-ch U18"]
[Site "Sebnitz"]
[Date "2012.04.11"]
[Round "3"]
[White "Nitschke, Robin"]
[Black "Dumke, Fabian"]
[Result "0-1"]
[WhiteElo "1316"]
[BlackElo "1581"]
[PlyCount "66"]
[EventDate "2012.04.10"]
[EventType "swiss"]
[EventRounds "7"]
[EventCountry "GER"]
[SourceTitle "CBM 148 Extra"]
[Source "ChessBase"]
[SourceDate "2012.06.22"]
[SourceVersion "1"]
[SourceVersionDate "2012.06.22"]
[SourceQuality "1"]

1. d4 d5 2. c4 e6 3. Nf3 Nf6 4. g3 dxc4 5. Qa4+ Nc6 6. Qxc4 Be7 7. Bg2 0-0 8. 0-0 Qd5 9. Qxd5 exd5 10. Bf4 Nb4 11. Nc3 c6 12. a3 Na6 13. b4 Nb8 14. Ne5 Rd8 15. Rfd1 a6 16. e4 Be6 17. Rd2 Nbd7 18. Nxd7 Rxd7 19. e5 Ne8 20. Be3 Nc7 21. f4 Nb5 22. Rc2 Nxc3 23. Rxc3 a5 24. bxa5 Rxa5 25. Bc1 g6 26. h4 Kg7 27. Kh2 c5 28. dxc5 Bxc5 29. Rb3 b6 30. Be3 d4 31. Bd2 Bxb3 32. Bxa5 bxa5 33. Rb1 a4 0-1